[Event "AUT-ch"]
[Site "Jenbach"]
[Date "2009.07.28"]
[Round "4"]
[White "Jedinger, Andreas"]
[Black "Wallnoefer, Hannes"]
[Result "1/2-1/2"]
[WhiteElo "2170"]
[BlackElo "2066"]
[PlyCount "83"]
[EventDate "2009.07.25"]
[EventType "swiss"]
[EventRounds "9"]
[EventCountry "AUT"]
[SourceTitle "CBM 131 Extra"]
[Source "ChessBase"]
[SourceDate "2009.09.03"]
[SourceVersion "2"]
[SourceVersionDate "2009.09.16"]
[SourceQuality "1"]

1. e4 c6 2. d4 d5 3. Nc3 dxe4 4. Nxe4 Bf5 5. Ng3 Bg6 6. h4 h6 7. Nf3 Nd7 8. h5 Bh7 9. Bd3 Bxd3 10. Qxd3 Qc7 11. Bd2 e6 12. 0-0-0 Bd6 13. Ne4 Bf4 14. Bxf4 Qxf4+ 15. Nfd2 Ngf6 16. g3 Qc7 17. Qa3 Nxe4 18. Nxe4 Nf6 19. Nd6+ Kd8 20. c4 Ne8 21. Ne4 Qe7 22. Qb3 Kc7 23. Rhe1 Nf6 24. Nc5 b6 25. Na6+ Kb7 26. Qa4 Nxh5 27. Kb1 Nf6 28. d5 cxd5 29. cxd5 Qe8 30. Qa3 Rd8 31. d6 Qb5 32. Nc7 Qf5+ 33. Ka1 Rd7 34. Qa6+ Kb8 35. Qc4 Kb7 36. Qa6+ Kb8 37. Qc4 Qf3 38. Rd3 Qb7 39. Rc1 Rhd8 40. Na6+ Ka8 41. Nc7+ Kb8 42. Na6+ 1/2-1/2

[Event "Seefeld op 18th"]
[Site "Seefeld"]
[Date "2007.09.04"]
[Round "4"]
[White "Wallnoefer, Hannes"]
[Black "Staninski, Borislav"]
[Result "1-0"]
[WhiteElo "2096"]
[BlackElo "1663"]
[PlyCount "117"]
[EventDate "2007.09.01"]
[EventType "swiss"]
[EventRounds "9"]
[EventCountry "AUT"]
[SourceTitle "EXT 2009"]
[Source "ChessBase"]
[SourceDate "2008.11.26"]
[SourceVersion "1"]
[SourceVersionDate "2008.11.26"]
[SourceQuality "1"]

1. e4 e5 2. Nf3 Nc6 3. Bb5 a6 4. Ba4 Nf6 5. 0-0 b5 6. Bb3 Be7 7. Re1 d6 8. h3 0-0 9. c3 Nb8 10. d3 Nbd7 11. Nbd2 Bb7 12. Nf1 h6 13. Ng3 Re8 14. Nf5 Bf8 15. N3h4 Nc5 16. Ng6 Nxb3 17. Qxb3 d5 18. Nxf8 Rxf8 19. f3 c5 20. Qc2 Re8 21. Qf2 Bc8 22. Qxc5 Bxf5 23. exf5 Rc8 24. Qf2 Qd7 25. g4 d4 26. cxd4 exd4 27. Rxe8+ Rxe8 28. Bd2 Qd5 29. b3 Nd7 30. Kg2 h5 31. Rc1 hxg4 32. hxg4 Ne5 33. Rh1 Nxf3 34. Qxf3 Re2+ 35. Kg3 Qxf3+ 36. Kxf3 Rxd2 37. Ke4 Rxa2 38. Kxd4 Rb2 39. Kc3 Rg2 40. d4 Rg3+ 41. Kb4 Rxg4 42. Kc5 Rf4 43. d5 Rxf5 44. Kc6 Rf3 45. d6 Rc3+ 46. Kb7 Rd3 47. Kc7 Rc3+ 48. Kd8 Rd3 49. d7 g5 50. Rh5 Kg7 51. Rxg5+ Kf6 52. Rg2 a5 53. Rf2+ Ke6 54. Ke8 f5 55. d8Q Rxd8+ 56. Kxd8 Ke5 57. Kc7 a4 58. b4 Ke4 59. Kb6 1-0

[Event "Seefeld op 14th"]
[Site "Seefeld"]
[Date "2003.09.14"]
[Round "2"]
[White "Papp, Csaba"]
[Black "Wallnoefer, Hannes"]
[Result "0-1"]
[WhiteElo "2090"]
[BlackElo "1863"]
[PlyCount "124"]
[EventDate "2003.09.13"]
[EventType "swiss"]
[EventRounds "9"]
[EventCountry "AUT"]
[SourceTitle "CBM 097 Extra"]
[Source "ChessBase"]
[SourceDate "2004.01.13"]
[SourceVersion "1"]
[SourceVersionDate "2004.01.13"]
[SourceQuality "1"]

1. e4 c6 2. d4 d5 3. exd5 cxd5 4. c3 Nf6 5. Nf3 Nc6 6. Bf4 Bg4 7. Nbd2 e6 8. Bb5 Bd6 9. Bxd6 Qxd6 10. Qa4 0-0 11. 0-0 Rfc8 12. Rfe1 a6 13. Bxc6 Qxc6 14. Qc2 Bf5 15. Qb3 Nd7 16. Nh4 Bg6 17. Nxg6 hxg6 18. Re3 Qb6 19. Qa3 Qc7 20. Rae1 Nb6 21. Rf3 Nc4 22. Nxc4 dxc4 23. Qa4 Rd8 24. Qc2 Rd5 25. Re4 Rh5 26. h3 Rd8 27. Qe2 b5 28. Ref4 Rd7 29. Qe4 Qb7 30. Qe3 Re7 31. Re4 Qc6 32. Re5 Rxe5 33. Qxe5 Qc7 34. Re3 Qxe5 35. Rxe5 Rc7 36. Kf1 Kf8 37. d5 Rc5 38. Ke2 Rxd5 39. Re4 g5 40. h4 g6 41. hxg5 Rxg5 42. g3 Rh5 43. b3 cxb3 44. axb3 Ke7 45. b4 f6 46. Rd4 Rd5 47. Rh4 f5 48. g4 Kf6 49. gxf5 exf5 50. f4 Rd6 51. Rh6 Re6+ 52. Kf3 Rc6 53. Rh8 Rxc3+ 54. Ke2 Rc4 55. Ra8 Rxf4 56. Rxa6+ Kg5 57. Rc6 Rxb4 58. Rc2 Kg4 59. Kf2 f4 60. Kg2 Rb3 61. Ra2 b4 62. Rc2 Rc3 0-1

[Event "Seefeld op 13th"]
[Site "Seefeld"]
[Date "2002.09.18"]
[Round "5"]
[White "Wallnoefer, Hannes"]
[Black "Jacob, Matthaeus"]
[Result "0-1"]
[WhiteElo "1789"]
[BlackElo "1826"]
[PlyCount "126"]
[EventDate "2002.09.14"]
[EventType "swiss"]
[EventRounds "9"]
[EventCountry "AUT"]
[SourceTitle "EXT 2007"]
[Source "ChessBase"]
[SourceDate "2006.11.23"]
[SourceVersion "1"]
[SourceVersionDate "2006.11.23"]
[SourceQuality "1"]

1. e4 c5 2. Nf3 d6 3. Bb5+ Bd7 4. Bxd7+ Nxd7 5. d4 cxd4 6. Qxd4 e6 7. 0-0 Ngf6 8. c4 Be7 9. Nc3 a6 10. b3 0-0 11. Ba3 Qa5 12. Bb2 Rfd8 13. Rfe1 Ne8 14. Rad1 Bf6 15. Qd2 Nf8 16. Re2 Qc7 17. a4 Ng6 18. g3 Qc5 19. Qc1 Qh5 20. Kg2 Ne5 21. Nxe5 Bxe5 22. Red2 g5 23. Ne2 Bxb2 24. Qxb2 Qg6 25. f3 g4 26. Nf4 gxf3+ 27. Kxf3 Qg5 28. h4 Qc5 29. Qc3 Rdc8 30. Qe3 Qxe3+ 31. Kxe3 b5 32. cxb5 axb5 33. Ra2 Rc3+ 34. Rd3 Rc5 35. Ne2 bxa4 36. Rxa4 Rb8 37. Kd2 Kg7 38. b4 Rc4 39. Rd4 Rxd4+ 40. Nxd4 Nc7 41. Kd3 d5 42. Ra7 dxe4+ 43. Kxe4 Nb5 44. Nxb5 Rxb5 45. Ra4 f5+ 46. Kf4 Kf6 47. Kf3 h5 48. Ke3 Re5+ 49. Kf4 Re4+ 50. Kf3 Rc4 51. Ke3 Rc3+ 52. Kf2 Rb3 53. Kg2 Ke5 54. Ra5+ Ke4 55. Ra6 Rb2+ 56. Kh3 e5 57. Rh6 Rxb4 58. Rxh5 f4 59. Rg5 Rb3 60. h5 f3 61. h6 Rb1 62. h7 Rh1+ 63. Kg4 Rxh7 0-1

[Event "Seefeld op 13th"]
[Site "Seefeld"]
[Date "2002.09.16"]
[Round "3"]
[White "Wallnoefer, Hannes"]
[Black "Spiess, Martin"]
[Result "0-1"]
[WhiteElo "1789"]
[BlackElo "1888"]
[PlyCount "80"]
[EventDate "2002.09.14"]
[EventType "swiss"]
[EventRounds "9"]
[EventCountry "AUT"]
[SourceTitle "EXT 2007"]
[Source "ChessBase"]
[SourceDate "2006.11.23"]
[SourceVersion "1"]
[SourceVersionDate "2006.11.23"]
[SourceQuality "1"]

1. e4 c5 2. Nf3 Nc6 3. Bb5 e6 4. 0-0 Nge7 5. b3 a6 6. Bxc6 Nxc6 7. Bb2 Qc7 8. c4 e5 9. Nc3 d6 10. Nd5 Qd8 11. h3 Be7 12. Nh2 Be6 13. f4 Bxd5 14. cxd5 Nd4 15. Bxd4 exd4 16. Qf3 Qa5 17. d3 h5 18. e5 0-0-0 19. e6 f5 20. Rfc1 g5 21. fxg5 Bxg5 22. Qxf5 Be3+ 23. Kh1 Rdf8 24. Qg6 Bxc1 25. Rxc1 Qd2 26. Rg1 Qh6 27. Qxh6 Rxh6 28. g4 hxg4 29. hxg4 Rh3 30. g5 Kd8 31. Kg2 Rxd3 32. Ng4 Rg8 33. Rf1 Rxg5 34. Rf8+ Ke7 35. Rf7+ Ke8 36. Rf4 b5 37. Kf2 Rd2+ 38. Kf3 Rxa2 39. Nf6+ Ke7 40. Ne4 Rxd5 0-1

[Event "Wattens op 14th"]
[Site "Wattens"]
[Date "1999.??.??"]
[Round "7"]
[White "Pieper, Harald"]
[Black "Wallnoefer, Hannes"]
[Result "1-0"]
[WhiteElo "1880"]
[BlackElo "1830"]
[PlyCount "89"]
[EventDate "1999.??.??"]
[EventType "swiss"]
[EventRounds "9"]
[EventCountry "AUT"]
[SourceTitle "EXT 2001"]
[Source "ChessBase"]
[SourceDate "2000.11.22"]
[SourceVersion "1"]
[SourceVersionDate "2000.11.22"]
[SourceQuality "1"]

1. d4 c6 2. Nf3 d5 3. e3 Nf6 4. c4 e6 5. Nc3 Nbd7 6. Bd3 Be7 7. 0-0 0-0 8. h3 Re8 9. b3 dxc4 10. Bxc4 Nd5 11. Bb2 N7f6 12. Qe2 b5 13. Bd3 a6 14. Rac1 Bb7 15. Ne5 Rc8 16. Rfd1 Nd7 17. Nxd5 exd5 18. Bf5 Nxe5 19. Bxc8 Qxc8 20. dxe5 Qf5 21. Qg4 Qxg4 22. hxg4 Kf8 23. Bd4 h6 24. f4 Kg8 25. g3 Rc8 26. Bc5 Bd8 27. b4 Bc7 28. Kf2 Bd8 29. Rh1 Rc7 30. a3 Be7 31. Bd4 a5 32. Bb6 Rc8 33. Bxa5 c5 34. bxc5 Bxc5 35. Bb4 d4 36. exd4 Bxh1 37. Bxc5 Bd5 38. Ke3 Kh7 39. Rb1 Bc4 40. Rb4 Ra8 41. Ke4 Kg6 42. d5 Rc8 43. Kd4 f6 44. a4 fxe5+ 45. fxe5 1-0

[Event "Wattens op 14th"]
[Site "Wattens"]
[Date "1999.??.??"]
[Round "1"]
[White "Schmittdiel, Eckhard"]
[Black "Wallnoefer, Hannes"]
[Result "1-0"]
[WhiteElo "2505"]
[BlackElo "1830"]
[PlyCount "85"]
[EventDate "1999.??.??"]
[EventType "swiss"]
[EventRounds "9"]
[EventCountry "AUT"]
[SourceTitle "EXT 2001"]
[Source "ChessBase"]
[SourceDate "2000.11.22"]
[SourceVersion "1"]
[SourceVersionDate "2000.11.22"]
[SourceQuality "1"]

1. c4 Nf6 2. g3 c6 3. Nf3 g6 4. Bg2 Bg7 5. 0-0 0-0 6. b3 Re8 7. Bb2 d6 8. Qc2 Bf5 9. d3 e5 10. e4 Bg4 11. h3 Bxf3 12. Bxf3 c5 13. Nc3 Nc6 14. Bg2 Bh6 15. Rab1 Nd7 16. f4 Nd4 17. Qf2 Qe7 18. Nd5 Qd8 19. fxe5 Nxe5 20. Nf6+ Kh8 21. Nxe8 Qxe8 22. Bxd4 cxd4 23. Qxd4 Qe7 24. Rbd1 Bg7 25. Qf2 Rf8 26. d4 Nc6 27. d5 Ne5 28. Qxa7 Qg5 29. Qf2 Bh6 30. Qf6+ Kg8 31. Qxg5 Bxg5 32. Kf2 f5 33. exf5 Rxf5+ 34. Ke2 Kg7 35. Rxf5 gxf5 36. Rf1 Kg6 37. h4 Be7 38. Bh3 Ng4 39. Bxg4 fxg4 40. Rf4 h5 41. Re4 Kf7 42. Re6 Bf8 43. a4 1-0

[Event "Wattens op 14th"]
[Site "Wattens"]
[Date "1999.??.??"]
[Round "8"]
[White "Wallnoefer, Hannes"]
[Black "Guldenbrein, Siegfried"]
[Result "0-1"]
[WhiteElo "1830"]
[BlackElo "1610"]
[PlyCount "26"]
[EventDate "1999.??.??"]
[EventType "swiss"]
[EventRounds "9"]
[EventCountry "AUT"]
[SourceTitle "EXT 2001"]
[Source "ChessBase"]
[SourceDate "2000.11.22"]
[SourceVersion "1"]
[SourceVersionDate "2000.11.22"]
[SourceQuality "1"]

1. e4 c6 2. d4 d5 3. e5 e6 4. Be3 Qb6 5. b3 c5 6. Nc3 cxd4 7. Bxd4 Qc7 8. Bd3 Bb4 9. Nge2 Nc6 10. Bb5 Nge7 11. 0-0 0-0 12. f4 Nxd4 13. Qxd4 Bc5 0-1

[Event "Wattens op 14th"]
[Site "Wattens"]
[Date "1999.??.??"]
[Round "2"]
[White "Wallnoefer, Hannes"]
[Black "Hollnbuchner, August"]
[Result "0-1"]
[WhiteElo "1830"]
[BlackElo "1615"]
[PlyCount "54"]
[EventDate "1999.??.??"]
[EventType "swiss"]
[EventRounds "9"]
[EventCountry "AUT"]
[SourceTitle "EXT 2001"]
[Source "ChessBase"]
[SourceDate "2000.11.22"]
[SourceVersion "1"]
[SourceVersionDate "2000.11.22"]
[SourceQuality "1"]

1. e4 e5 2. Nf3 Nc6 3. Bb5 a6 4. Ba4 Nf6 5. 0-0 b5 6. Bb3 Bc5 7. c3 d6 8. Re1 0-0 9. h3 Be6 10. Bc2 Qd7 11. d4 exd4 12. cxd4 Bb4 13. Nbd2 Bxh3 14. gxh3 Qxh3 15. Nh2 Nxd4 16. Re3 Qd7 17. Rg3 Rfe8 18. f3 Bc5 19. Kh1 d5 20. Ng4 Nxg4 21. Rxg4 Re5 22. Nb3 Rh5+ 23. Kg2 Nxb3 24. Bxb3 Bd6 25. Bxd5 Rh2+ 26. Kg1 c6 27. Bb3 Qa7+ 0-1

[Event "Wattens op 13th"]
[Site "Wattens"]
[Date "1998.??.??"]
[Round "3"]
[White "Wallnoefer, Hannes"]
[Black "Buchholz, Karl"]
[Result "1-0"]
[WhiteElo "1650"]
[BlackElo "1790"]
[PlyCount "80"]
[EventDate "1998.??.??"]
[EventType "swiss"]
[EventRounds "9"]
[EventCountry "AUT"]
[SourceTitle "EXT 2000"]
[Source "ChessBase"]
[SourceDate "1999.11.16"]
[SourceVersion "1"]
[SourceVersionDate "1999.11.16"]
[SourceQuality "1"]

1. Nf3 Nf6 2. g3 b6 3. Bg2 Bb7 4. c4 e6 5. Nc3 d5 6. b3 d4 7. Nb5 c5 8. 0-0 Nbd7 9. d3 a6 10. Na3 Bd6 11. Nc2 0-0 12. Ba3 a5 13. Ncxd4 Be5 14. Nxe5 Bxg2 15. Kxg2 Nxe5 16. Nb5 Qc8 17. Bb2 Ned7 18. Qc2 Rd8 19. Rad1 Ne8 20. d4 Qc6+ 21. f3 Nc7 22. d5 exd5 23. Nxc7 Qxc7 24. cxd5 Nf8 25. Qc3 f6 26. Qc4 Kh8 27. e4 Ng6 28. Rf2 Ra7 29. Rfd2 Qd6 30. f4 Re7 31. Re2 h5 32. Qc2 Kg8 33. Qd3 Kf7 34. Qf3 Rh8 35. e5 Qd8 36. e6+ Kg8 37. d6 Ra7 38. e7 Qe8 39. Qd5+ Kh7 40. d7 Nxe7 1-0

[Event "Wattens op 13th"]
[Site "Wattens"]
[Date "1998.??.??"]
[Round "7"]
[White "Wolfram, Bernd"]
[Black "Wallnoefer, Hannes"]
[Result "0-1"]
[WhiteElo "1840"]
[BlackElo "1650"]
[PlyCount "48"]
[EventDate "1998.??.??"]
[EventType "swiss"]
[EventRounds "9"]
[EventCountry "AUT"]
[SourceTitle "EXT 2000"]
[Source "ChessBase"]
[SourceDate "1999.11.16"]
[SourceVersion "1"]
[SourceVersionDate "1999.11.16"]
[SourceQuality "1"]

1. e4 c6 2. d4 d5 3. e5 Bf5 4. Ne2 Nd7 5. Ng3 Bg6 6. Be2 e6 7. 0-0 c5 8. c3 Qb6 9. f4 Ne7 10. b3 cxd4 11. cxd4 Nf5 12. Nxf5 Bxf5 13. Ba3 Bxa3 14. Nxa3 a6 15. Qd2 Nc5 16. Kh1 Ne4 17. Qe3 h5 18. Nb1 Rc8 19. Nd2 Rc3 20. Bd3 Rxd3 21. Qxd3 Nf2+ 22. Rxf2 Bxd3 23. Nf3 Be4 24. Rc1 0-0 0-1